Lyrics - F*ck Me Pumps - Amy Winehouse - Statistics

General Stats
  • This quiz has been taken 48 times
  • The average score is 236 of 334
Answer Stats
Answer % Correct
a
100%
me"
100%
me
100%
pumps
100%
you
97%
You
97%
you,
97%
like
94%
your
94%
And
91%
and
91%
E
91%
men
91%
no
91%
not
91%
notice
91%
the
91%
with
91%
With
91%
bar
88%
in
88%
In
88%
look
88%
man
88%
star
88%
to
88%
who
88%
But
85%
But,
85%
do
85%
dressed
85%
He
85%
walk
85%
When
85%
all
82%
All
82%
be
82%
don't
82%
Don't
82%
"fuck
82%
Rockin'
82%
same,
82%
They
82%
they
82%
you're
82%
You're
82%
Can't
79%
can't
79%
'Cause
79%
'cause
79%
claim
79%
for
79%
say
79%
that
79%
That
79%
that's
79%
That's
79%
bag
76%
every
76%
Every
76%
Is
76%
knows
76%
life
76%
lookin'
76%
mind
76%
name
76%
night,
76%
night
76%
players
76%
tell
76%
what
76%
ballers
73%
everyone
73%
fame
73%
Gucci
73%
nothing
73%
rich
73%
whole
73%
crew
70%
he's
70%
He's
70%
looking
70%
on
70%
one
70%
really
70%
taller
70%
than
70%
wouldn't
70%
millionaire
67%
ya
67%
dream
64%
footballer's
64%
go
64%
more
64%
Never
64%
never
64%
or
64%
wife
64%
At
61%
at
61%
could
61%
get
61%
love
61%
right
61%
up
61%
end
58%
if
58%
miss
58%
you'd
58%
fan
55%
girls
55%
goes
55%
too
55%
big
52%
So
52%
so
52%
are
48%
breast
48%
hers
48%
it
48%
stands
48%
them
48%
there
48%
Without
48%
cost
45%
did
45%
fun
45%
least
45%
mad
45%
next
45%
past
45%
six-foot-two
45%
their
45%
tight
45%
worse
45%
club
42%
day,
42%
empty
42%
even
42%
gets
42%
got
42%
jeans
42%
morning,
42%
news,
42%
one-night
42%
part
42%
pressed
42%
purse
42%
six-foot-two
42%
thirty
42%
upset
42%
week
42%
anyone
39%
call
39%
didn't
39%
down
39%
dust
39%
"eff
39%
home
39%
just
39%
ladies'
39%
lucky
39%
see
39%
sit
39%
wives
39%
free
36%
it's
36%
Met
36%
much
36%
off
36%
spent
36%
text
36%
there'd
36%
We'd
36%
longer
33%
plane
33%
pushing
33%
somebody
33%
there's
33%
those
33%
vexed
33%
getting
30%
missed
30%
somehow,
30%
tricks
30%
work
30%
old
27%
always
24%
from
24%
known
24%
Miami,
24%
caned
21%
should've
21%
sket
21%
dumped
18%
jump
18%
No matching quizzes found
Score Distribution
Percent of People with Each Score
Percentile by Number Answered
Your Score History
You have not taken this quiz